Loading...
| History - American | 0 | 6 | 0 | 2 | 60 | 60 | 68.33 | 1 | 3 | 21.17 | 36.36 |
| Fine Arts - Other | 0 | 3 | 0 | 0 | 30 | 21 | 49.00 | 2 | 3 | 16.54 | 26.26 |
| Social Science | 0 | 3 | 1 | 0 | 25 | 62 | 75.33 | 0 | 0 | 9.76 | 15.28 |
| History - Other | 0 | 2 | 0 | 0 | 20 | 78 | 89.50 | 0 | 1 | 3.82 | 10.10 |
| Fine Arts - Painting and Sculpture | 0 | 2 | 0 | 1 | 20 | 53 | 75.50 | 0 | 1 | 5.17 | 7.07 |
| History - European | 0 | 2 | 0 | 0 | 20 | 60 | 66.50 | 0 | 0 | 6.95 | 10.10 |
| Literature - American | 0 | 1 | 0 | 0 | 10 | 68 | 68.00 | 0 | 0 | 3.62 | 5.05 |
| Geography | 0 | 1 | 0 | 0 | 10 | 62 | 62.00 | 0 | 1 | 9.58 | 13.33 |
| Current Events | 0 | 1 | 0 | 0 | 10 | 59 | 59.00 | 0 | 0 | 9.07 | 11.11 |
| Mythology | 0 | 1 | 0 | 1 | 10 | 81 | 81.00 | 0 | 0 | 2.34 | 3.03 |
| Science - Biology | 0 | 1 | 0 | 1 | 10 | 94 | 94.00 | 0 | 0 | 1.59 | 1.01 |
| Science - Chemistry | 0 | 1 | 0 | 1 | 10 | 107 | 107.00 | 0 | 0 | 0.00 | 1.01 |
| Science - Physics | 0 | 1 | 0 | 1 | 10 | 105 | 105.00 | 0 | 0 | 0.00 | 1.01 |
| Religion | 0 | 1 | 0 | 0 | 10 | 87 | 87.00 | 0 | 0 | 1.90 | 4.04 |
| Philosophy | 0 | 1 | 1 | 0 | 5 | 78 | 78.00 | 0 | 1 | 2.86 | 8.64 |
| History - World | 0 | 1 | 1 | 0 | 5 | 92 | 92.00 | 0 | 0 | 1.20 | 4.04 |
| Science - Other | 0 | 1 | 1 | 0 | 5 | 92 | 92.00 | 0 | 0 | 1.49 | 3.03 |